Indian culture and heritage / (Record no. 56278)

MARC details
000 -LEADER
fixed length control field 00621nam a22001937a 4500
005 - DATE AND TIME OF LATEST TRANSACTION
control field 20131220145354.0
010 ## - LCCN (DPL NO)
LC control number ENG-103612
020 ## - INTERNATIONAL STANDARD BOOK NUMBER
International Standard Book Number 9789381385340
Terms of availability 650.00
035 ## - SYSTEM CONTROL NUMBER
System control number EN-87145
037 ## - SOURCE OF ACQUISITION
Source of stock number/acquisition DBAD/PUB
082 ## - DEWEY DECIMAL CLASSIFICATION NUMBER
Classification number 306.0954
245 ## - TITLE STATEMENT
Title Indian culture and heritage /
Statement of responsibility, etc edited by Veena Garg
260 ## - PUBLICATION, DISTRIBUTION, ETC. (IMPRINT)
Place of publication, distribution, etc Delhi
Name of publisher, distributor, etc Ancient Publishing House
Date of publication, distribution, etc 2011
270 ## - ADDRESS
Address V-75, Street No. 15-A, Vijay Park, Near C-11, Shiv Sadhana Mandir, Yamuna Vihar
City Delhi
Postal code 110053
300 ## - PHYSICAL DESCRIPTION
Extent vi,288p.
Dimensions 22cm (Hb)
500 ## - GENERAL NOTE
General note Includes index
700 ## - ADDED ENTRY--PERSONAL NAME
9 (RLIN) 34258
Personal name Garg, Veena
942 ## - ADDED ENTRY ELEMENTS (KOHA)
Source of classification or shelving scheme Dewey Decimal Classification
Item type English Books
Classification part 306.0954
Call number suffix IND
Holdings
Withdrawn status Lost status Not for loan Collection code Home library Current library Date acquired Source of acquisition Cost, normal purchase price Full call number Barcode Copy number Cost, replacement price Koha item type
    Not For Loan Non-fiction D.B.Act.Division D.B.Act.Division 05/09/2011 DBAD/PUB 650.00 306.0954 IND EN-87145 1 650.00 English Books

© Delhi Public Library
Hit Counter
free hit counter